[Event "2024 British Rapidplay Championship"]
[Site "Holiday Inn Peterborough - West"]
[Date "2024.03.03"]
[Round "7.63"]
[White "Gevorgyan, Albert"]
[Black "Bevis, Noah"]
[Result "0-1"]
[WhiteFideId "13323946"]
[BlackFideId "343434630"]
[WhiteElo "1899"]
[BlackElo "1454"]
[EventDate "2024.03.02"]

1. e4 c5 2. Nf3 e6 3. g3 d5 4. exd5 exd5 5. Bg2 Nf6 6. d4 Nc6 7. dxc5 Bxc5 8. c3
Qe7+ 9. Qe2 Qxe2+ 10. Kxe2 b6 11. Re1 O-O 12. Kf1 Ne4 13. Be3 Ba6+ 14. Kg1 Bxe3 15.
Rxe3 Rfe8 16. Na3 Nf6 17. Rae1 Bb7 18. Nc2 Kf8 19. Nfd4 Nxd4 20. Nxd4 Rxe3 21. Rxe3
Re8 22. Rxe8+ Kxe8 23. Nb5 Kd7 24. c4 a6 25. Nc3 Kd6 26. f4 Bc6 27. cxd5 Nxd5 28.
Ne4+ Ke7 29. Kf2 Nb4 30. Ke3 Nxa2 31. Bf1 Nb4 32. Bc4 f6 33. Kd4 Nc2+ 34. Kd3 a5
35. Nc3 Nb4+ 36. Kd4 Bb7 37. Bg8 h6 38. Kc4 Bc6 39. Ne2 Bd7 40. Nd4 g6 41. Bh7 Be8
42. Bg8 Nc6 43. Nb5 Nb4 44. Bh7 Bf7+ 45. Kd4 Nc6+ 46. Kc3 Ke6 47. h4 Kd5 48. f5 g5
49. Bg6 Bg8 50. Nc7+ Kd6 51. Ne8+ Ke7 52. Nc7 Kd7 53. Ne8 Ke7 54. Ng7 b5 55. Be8
b4+ 56. Kc2 Nd4+ 57. Kd3 Nxf5 58. Nxf5+ Kxe8 59. Nxh6 Bh7+ 60. Kc4 gxh4 61. gxh4
f5 62. Kb5 f4 63. Ng4 Bc2 64. Kxa5 b3 65. Kb5 Kf7 66. Kc5 Kg6 67. Kd4 Kh5 68. Nf2
Kxh4 69. Ke5 Kg3 70. Nh1+ Kf3 71. Nf2 Kxf2 72. Kxf4 Ke2 0-1

[Event "2024 British Rapidplay Championship"]
[Site "Holiday Inn Peterborough - West"]
[Date "2024.03.03"]
[Round "7.64"]
[White "Ganti, Shriaansh"]
[Black "Shankar, Yashwardhan"]
[Result "1-0"]
[WhiteFideId "343104781"]
[BlackFideId "2411067"]
[WhiteElo "1886"]
[BlackElo "1254"]
[EventDate "2024.03.02"]

1. e4 c5 2. a3 g6 3. Nf3 d6 4. Nc3 Bg7 5. d4 cxd4 6. Nxd4 Nf6 7. Be3 O-O 8. Be2 Nc6
9. O-O Bd7 10. Qd2 a6 11. Kh1 Rc8 12. f4 Bg4 13. Rad1 Bxe2 14. Qxe2 Qc7 15. f5 Ne5
16. fxg6 hxg6 17. Bg5 Qc4 18. Qd2 Nc6 19. Nxc6 bxc6 20. Qe3 Rfd8 21. h3 d5 22. exd5
cxd5 23. Qxe7 Re8 24. Qb4 Qxb4 25. axb4 Ne4 26. Nxe4 dxe4 27. Rd7 f5 28. c3 Re6 29.
Re1 Rf8 30. g3 Be5 31. Kg2 Bb8 32. h4 Rb6 33. Be3 Re6 34. Bd4 Rf7 35. Rd5 Re8 36.
c4 f4 37. gxf4 Rxf4 38. Rd7 Rg4+ 39. Kf1 Rf8+ 40. Ke2 Rf7 41. Rd8+ Rf8 42. Rxf8+
Kxf8 43. Bf6 Rf4 44. Rf1 Rxf1 45. Kxf1 Kf7 46. Bg5 Ke6 47. Ke2 Be5 48. b3 Bc3 49.
Bd2 Bf6 50. Be1 Bd8 51. Ke3 Ke5 52. Bg3+ Kf5 53. c5 Kg4 54. Bd6 Kxh4 55. c6 Bb6+
56. Kxe4 a5 57. bxa5 Bxa5 58. c7 Bxc7 59. Bxc7 Kg5 60. Kd5 Kf6 61. Kc6 Ke7 62. b4
g5 63. b5 g4 64. b6 g3 65. Bxg3 Ke8 1-0

[Event "2024 British Rapidplay Championship"]
[Site "Holiday Inn Peterborough - West"]
[Date "2024.03.03"]
[Round "7.67"]
[White "Smith, Andrew PE"]
[Black "Alizada, Eldar A"]
[Result "0-1"]
[WhiteFideId "469793"]
[BlackFideId "464104"]
[WhiteElo "1645"]
[BlackElo "1975"]
[EventDate "2024.03.02"]

1. d4 d5 2. Nf3 Nf6 3. e3 e6 4. Bd3 Be7 5. O-O O-O 6. Nbd2 c5 7. c3 b6 8. dxc5 bxc5
9. e4 Bb7 10. e5 Nfd7 11. Re1 Nc6 12. Bb5 Qb6 13. Bxc6 Bxc6 14. Nb3 a5 15. Nbd2 a4
16. c4 d4 17. Ne4 Qb7 18. Qc2 f6 19. exf6 Nxf6 20. Neg5 h6 21. Nxe6 Bxf3 22. gxf3
Rf7 23. Bxh6 gxh6 24. Qg6+ Kh8 25. Qxf7 Rg8+ 26. Kf1 Qxf3 27. Qxe7 d3 28. Re3 Qh1#
0-1

[Event "2024 British Rapidplay Championship"]
[Site "Holiday Inn Peterborough - West"]
[Date "2024.03.03"]
[Round "7.68"]
[White "Amir, Zain"]
[Black "Kryshtafor, Maksym"]
[Result "0-1"]
[WhiteFideId "473227"]
[BlackFideId "34129227"]
[WhiteElo "1689"]
[BlackElo "1660"]
[EventDate "2024.03.02"]

1. d4 d5 2. Bf4 Nf6 3. e3 Bf5 4. Nf3 e6 5. Bd3 Bg6 6. c3 Bd6 7. Bxd6 Qxd6 8. Bxg6
hxg6 9. Nbd2 Nc6 10. Qc2 O-O-O 11. O-O-O Ng4 12. Rdf1 Nxh2 13. Nxh2 Rxh2 14. Rxh2
Qxh2 15. g3 e5 16. Qd1 Qh5 17. g4 Qg5 18. f4 exf4 19. exf4 Qf6 20. Qf3 Qe6 21. Kd1
Re8 22. f5 gxf5 23. gxf5 Qd6 24. Qg4 Qf6 25. Rg1 Rg8 26. Re1 Ne7 27. Re5 Rh8 28.
Nf1 Rh1 29. Ke2 Qa6+ 30. Ke3 Qxf1 31. f6+ Kb8 32. fxe7 Qc1+ 33. Kf2 Rh2+ 34. Kf3
Qf1+ 35. Ke3 Qf2+ 36. Kd3 Qd2# 0-1

[Event "2024 British Rapidplay Championship"]
[Site "Holiday Inn Peterborough - West"]
[Date "2024.03.03"]
[Round "7.69"]
[White "Keshari, Krish"]
[Black "Mylovanov, Volodymyr"]
[Result "1/2-1/2"]
[WhiteFideId "496197"]
[BlackFideId "34184732"]
[WhiteElo "1666"]
[BlackElo "1877"]
[EventDate "2024.03.02"]

1. e4 c5 2. Nf3 e6 3. d4 cxd4 4. Nxd4 a6 5. Nc3 b5 6. Be3 Bb7 7. f3 Nc6 8. Qd2 Qa5
9. Nb3 Qc7 10. O-O-O Bb4 11. Kb1 Nge7 12. a3 Bxc3 13. Qxc3 O-O 14. Nc5 d5 15. g4
Rac8 16. Nxb7 Qxb7 17. Bd3 e5 18. exd5 Nxd5 19. Bxh7+ Kxh7 20. Rxd5 Nd4 21. Qd3+
Kg8 22. Rxe5 Nxf3 23. Rh5 g6 24. Rh6 Nd2+ 25. Bxd2 Qxh1+ 26. Ka2 Qc6 27. Bc3 Qe6+
28. b3 Rxc3 29. Qxc3 f6 30. Rxg6+ Kf7 31. Rh6 Rc8 32. Rxf6+ Qxf6 33. Qxc8 Qd6 34.
Qf5+ Kg7 35. Qg5+ Kf7 36. h4 Qh2 37. Qf5+ Kg7 38. h5 a5 39. Qg6+ Kf8 40. Qf6+ Ke8
41. Qg6+ Ke7 42. h6 a4 43. Qg7+ Ke6 44. h7 Qxc2+ 45. Qb2 Qxh7 46. bxa4 bxa4 47. Qb6+
Ke5 48. Qc5+ Ke6 49. Qc4+ Ke5 50. Qxa4 Qh2+ 51. Kb3 Qh3+ 52. Kb2 Qg2+ 53. Kc1 Qf1+
54. Qd1 Qc4+ 55. Kb2 Qb5+ 56. Ka2 Qc4+ 57. Kb2 Qb5+ 58. Ka1 Kf4 59. Qd4+ Kg5 60.
Qg7+ Kf4 61. Qd4+ Kg5 62. a4 Qb3 63. Qd8+ Kxg4 64. Qd7+ Kf4 65. Qd6+ Ke4 66. Qc6+
Ke5 67. Qc5+ Ke6 68. a5 Kd7 69. Qd4+ Kc7 70. Qg7+ Kb8 71. Qe5+ Ka7 72. Qd6 Qa4+ 73.
Kb2 Qxa5 1/2-1/2

[Event "2024 British Rapidplay Championship"]
[Site "Holiday Inn Peterborough - West"]
[Date "2024.03.03"]
[Round "7.70"]
[White "Davies, Peter L"]
[Black "Kairat, Alexander"]
[Result "1-0"]
[WhiteFideId "1801171"]
[BlackFideId "498629"]
[WhiteElo "1876"]
[BlackElo "1723"]
[EventDate "2024.03.02"]

1. e4 c5 2. Nf3 Nc6 3. d4 cxd4 4. Nxd4 e5 5. Nb5 d6 6. c4 Nf6 7. N1c3 a6 8. Na3 Be7
9. Nc2 O-O 10. Be2 Be6 11. O-O Nd7 12. Ne3 Nc5 13. Ned5 f5 14. exf5 Bxf5 15. Be3
Ne6 16. Rc1 Ncd4 17. Bg4 Bxg4 18. Qxg4 Bg5 19. f4 exf4 20. Nxf4 Bxf4 21. Bxf4 Nxf4
22. Rxf4 Rxf4 23. Qxf4 Qf6 24. Qxf6 gxf6 25. Rd1 Nf5 26. Kf2 Rd8 27. g4 Ne7 28. Ne4
f5 29. Rxd6 Rxd6 30. Nxd6 fxg4 31. Nxb7 Nc6 32. Nc5 a5 33. Kg3 h5 34. Nd3 Kg7 35.
Kf4 Kf6 36. b3 Nd4 37. Nc5 Ne2+ 38. Ke3 Nc1 39. a3 Kf5 40. b4 axb4 41. axb4 Na2 42.
b5 Nb4 43. b6 h4 44. b7 Nc6 45. Nd7 h3 46. Kf2 Ke4 47. b8=Q Nxb8 48. Nxb8 Kd4 49.
Nd7 Kxc4 50. Ne5+ Kd5 51. Nxg4 Ke4 52. Kg3 Kf5 53. Kxh3 Kg5 54. Kg3 Kh5 55. h4 Kg6
56. Ne3 Kh5 57. Kh3 Kg6 58. Kg4 Kh6 59. h5 Kg7 60. Kg5 Kf7 61. Nc4 Kg7 62. h6+ Kg8
63. Kg6 Kh8 64. Ne5 Kg8 65. Nf7 Kf8 66. h7 Ke7 67. h8=Q Ke6 68. Ng5+ Kd5 69. Qc3
Kd6 70. Qa5 Kc6 71. Ne4 Kd7 72. Qb6 Ke7 73. Qc6 Kf8 74. Qd7 Kg8 75. Qg7# 1-0

[Event "2024 British Rapidplay Championship"]
[Site "Holiday Inn Peterborough - West"]
[Date "2024.03.03"]
[Round "7.71"]
[White "Pelling, Kyle"]
[Black "Jacklin, Sam"]
[Result "1-0"]
[WhiteFideId "462942"]
[BlackFideId "343414850"]
[WhiteElo "1818"]
[BlackElo "1723"]
[EventDate "2024.03.02"]

1. e4 c6 2. d4 d5 3. exd5 cxd5 4. c4 Nf6 5. Nc3 Nc6 6. Nf3 Bg4 7. cxd5 Nxd5 8. Qb3
Bxf3 9. gxf3 e6 10. Qxb7 Nxd4 11. Bb5+ Nxb5 12. Qc6+ Ke7 13. Qxb5 Nxc3 14. bxc3 Qd7
15. Rb1 Rc8 16. c4 Ke8 17. O-O Bc5 18. Be3 Bxe3 19. fxe3 Ke7 20. Qg5+ Kf8 21. Rfd1
Qc7 22. Rd4 f6 23. Qb5 Ke7 24. Rbd1 Rhd8 25. Qb4+ Ke8 26. Qb5+ Kf8 27. c5 Rxd4 28.
exd4 Qc6 29. Qd3 Kg8 30. Re1 Rd8 31. Qe3 Qd5 32. Qxe6+ Qxe6 33. Rxe6 Rxd4 34. Ra6
Rd7 35. Kf2 Kf7 36. Ke3 Ke7 37. Ke4 Kd8 38. c6 Rc7 39. Kd5 Ke7 40. Ra3 Kd8 41. Rb3
Kc8 42. a4 Re7 43. Kd6 Rc7 44. Re3 Kd8 45. Re8+ 1-0

[Event "2024 British Rapidplay Championship"]
[Site "Holiday Inn Peterborough - West"]
[Date "2024.03.03"]
[Round "7.72"]
[White "Bennet, Freddie"]
[Black "Patel, Keatan"]
[Result "0-1"]
[WhiteFideId "343437133"]
[BlackFideId "477613"]
[WhiteElo "1460"]
[BlackElo "1779"]
[EventDate "2024.03.02"]

1. e4 e5 2. Nf3 Nc6 3. Bb5 a6 4. Ba4 Nf6 5. O-O Be7 6. Re1 b5 7. Bb3 d6 8. d4 O-O
9. c3 Re8 10. h3 h6 11. Be3 Bf8 12. dxe5 Nxe5 13. Bd4 Bb7 14. Nbd2 c5 15. Bxe5 dxe5
16. c4 Qc7 17. Qc2 Rad8 18. Rad1 Rd7 19. Nb1 Rxd1 20. Qxd1 Nxe4 21. Qe2 Bd6 22. cxb5
axb5 23. Qxb5 Nf6 24. Nc3 e4 25. Nd5 Bxd5 26. Bxd5 Rb8 27. Qc6 Qxc6 28. Bxc6 exf3
29. Bxf3 Rxb2 30. a4 c4 31. Rd1 Bc5 32. a5 c3 0-1

[Event "2024 British Rapidplay Championship"]
[Site "Holiday Inn Peterborough - West"]
[Date "2024.03.03"]
[Round "7.73"]
[White "Cheng, Louis"]
[Black "Railwani, Tavish"]
[Result "1-0"]
[WhiteFideId "2410389"]
[BlackFideId "2410249"]
[WhiteElo "1840"]
[BlackElo "1714"]
[EventDate "2024.03.02"]

1. e4 e6 2. d4 d5 3. Nd2 Be7 4. Ngf3 Nf6 5. Bd3 O-O 6. O-O b6 7. Re1 Bb7 8. c3 c5
9. exd5 exd5 10. Nf1 Nc6 11. Ng3 Qc7 12. Nf5 Rfe8 13. Bg5 Ne4 14. Bxe7 Nxe7 15. Ng3
Nxg3 16. hxg3 Ng6 17. Qd2 c4 18. Bc2 b5 19. a4 a6 20. Re3 Qd7 21. axb5 axb5 22. Rae1
Rxe3 23. Qxe3 Qc7 24. Ng5 Qd7 25. g4 Bc6 26. Bf5 Qc7 27. Bxg6 fxg6 28. Qe6+ Kh8 29.
Nf7+ Kg8 30. Ne5+ Kh8 31. Nxc6 Rf8 32. Ne5 b4 33. Re3 bxc3 34. Nxg6+ hxg6 35. Rh3#
1-0

[Event "2024 British Rapidplay Championship"]
[Site "Holiday Inn Peterborough - West"]
[Date "2024.03.03"]
[Round "7.74"]
[White "Fairhurst, Frederick"]
[Black "Mitraka, Chrysa"]
[Result "0-1"]
[WhiteFideId "343425682"]
[BlackFideId "2409968"]
[WhiteElo "1600"]
[BlackElo "1612"]
[EventDate "2024.03.02"]

1. e4 c6 2. d4 d5 3. Nd2 dxe4 4. Nxe4 Nf6 5. Nxf6+ exf6 6. Nf3 Bd6 7. Bd3 O-O 8.
O-O Re8 9. Be3 Nd7 10. c4 Nf8 11. Qc2 Be6 12. h3 Rc8 13. Rad1 Qc7 14. Rfe1 Rcd8 15.
Bd2 b6 16. Be4 Re7 17. c5 bxc5 18. dxc5 Be5 19. Nxe5 fxe5 20. Bc3 Rxd1 21. Rxd1 f6
22. Rd6 Bd7 23. Qa4 Re6 24. Rxe6 Nxe6 25. Qb3 Kh8 26. Qc4 Bc8 27. b4 Qd7 28. Qd3
Qxd3 29. Bxd3 Nf4 30. Bc4 a6 31. h4 g6 32. g3 Ne6 33. Kf1 Kg7 34. Ke2 Kf7 35. Kd3
Ke7 36. a4 Bb7 37. Ke4 Bc8 38. Bb2 Bb7 39. Ba1 Bc8 40. Bc3 Bb7 41. f3 Bc8 42. g4
Bb7 43. Bxe6 Kxe6 44. g5 f5+ 45. Ke3 Kd5 46. f4 e4 47. Be1 Bc8 48. Bf2 Bb7 49. a5
Bc8 50. Be1 Bb7 51. Bc3 Bc8 52. Kd2 Kc4 53. Kc2 e3 54. Be1 Kd4 55. Bc3+ Ke4 56. Be5
Kf3 57. Kd1 Kf2 58. Bd4 Be6 59. Kc2 Bc4 60. Kd1 Bb5 61. Kc2 Kf3 62. Kd1 e2+ 63. Ke1
Kxf4 64. Bf2 Kg4 65. Kd2 Kf3 66. Ke1 f4 67. Bd4 Kg4 68. Bf2 f3 69. Kd2 Kh3 70. Ke1
Kg2 71. Be3 Kg3 72. Bf2+ Kf4 73. Bd4 Ke4 74. Be3 Kxe3 75. h5 Kd3 76. hxg6 hxg6 77.
Kf2 Kd2 78. Kxf3 e1=Q 79. Kf4 Qe3+ 80. Kg4 Be2+ 81. Kh4 Qf4+ 82. Kh3 Bf1+ 0-1

[Event "2024 British Rapidplay Championship"]
[Site "Holiday Inn Peterborough - West"]
[Date "2024.03.03"]
[Round "7.75"]
[White "Nezis, Anastasios"]
[Black "Dhingra, Kanvansh"]
[Result "0-1"]
[WhiteFideId "424471"]
[BlackFideId "33401500"]
[WhiteElo "1912"]
[BlackElo "1592"]
[EventDate "2024.03.02"]

1. Nf3 d5 2. c4 e6 3. b3 c6 4. Bb2 f5 5. e3 Nf6 6. Be2 Bd6 7. O-O O-O 8. Na3 Nbd7
9. Nc2 Ne4 10. d3 Ng5 11. Ncd4 Nxf3+ 12. Nxf3 Nf6 13. Ne5 Bd7 14. f4 Be8 15. Kh1
Qe7 16. Bf3 Kh8 17. Qe2 Nd7 18. Nxd7 Bxd7 19. Rae1 Bb4 20. Rc1 Bd6 21. g3 Ba3 22.
Rc2 Bxb2 23. Rxb2 Rg8 24. e4 fxe4 25. dxe4 d4 26. e5 Rab8 27. Be4 g6 28. b4 b6 29.
Rfb1 g5 30. Rf1 0-1

[Event "2024 British Rapidplay Championship"]
[Site "Holiday Inn Peterborough - West"]
[Date "2024.03.03"]
[Round "7.76"]
[White "Wainwright, Charlie"]
[Black "Iyengar, Srihari R"]
[Result "0-1"]
[WhiteFideId "343426310"]
[BlackFideId "441970"]
[WhiteElo "1632"]
[BlackElo "1889"]
[EventDate "2024.03.02"]

1. d4 Nf6 2. c4 d6 3. Nc3 Nbd7 4. e4 e5 5. d5 Be7 6. f4 exf4 7. Bxf4 Nc5 8. Bd3 Bg4
9. Qc2 O-O 10. b4 Nxd3+ 11. Qxd3 Nd7 12. Nf3 Bf6 13. O-O Re8 14. Rac1 Qe7 15. Rfe1
Bxf3 16. Qxf3 Be5 17. Bd2 Qh4 18. g3 Qh3 19. Qg2 Qg4 20. Qe2 Qxe2 21. Rxe2 a6 22.
a4 Nf6 23. Rce1 Re7 24. Kg2 Rae8 25. Kf3 h6 26. Nd1 g5 27. Bc3 Nd7 28. Bd2 Bd4 29.
Kg2 f5 30. Bc3 Bh8 31. Bxh8 Kxh8 32. Nc3 fxe4 33. Rxe4 Rxe4 34. Rxe4 Rxe4 35. Nxe4
Nb6 36. c5 dxc5 37. Nxc5 Nxd5 38. Nxb7 Nxb4 39. Nc5 Kg7 40. Kf3 Kf6 41. Ke4 Ke7 42.
Kd4 Kd6 43. Kc4 a5 44. Nb7+ Kd7 45. Nxa5 Nc2 46. Nb3 Ne3+ 47. Kc5 Nf1 48. h4 Nxg3
49. hxg5 hxg5 50. Nd4 Ne4+ 51. Kd5 Nc3+ 52. Ke5 Nxa4 53. Kf5 c5 54. Nc2 Kd6 55. Kxg5
Kd5 56. Kf4 Nc3 57. Kf3 Kc4 58. Ne3+ Kd3 59. Nf5 Ne4 60. Ne3 Nd2 61. Kf2 Nc4 62.
Nf5 Kd2 63. Kf3 Ne5+ 64. Ke4 Nd3 65. Nd6 Nb4 66. Ke5 Kd3 67. Nb5 c4 68. Nd4 c3 69.
Nb3 c2 70. Nc1+ Kd2 71. Nb3+ Kc3 72. Nc1 Nd3+ 0-1

[Event "2024 British Rapidplay Championship"]
[Site "Holiday Inn Peterborough - West"]
[Date "2024.03.03"]
[Round "7.77"]
[White "Rogowski, Rafal"]
[Black "Basson, Heinrich"]
[Result "0-1"]
[WhiteFideId "343415970"]
[BlackFideId "14301440"]
[WhiteElo "1591"]
[BlackElo "1848"]
[EventDate "2024.03.02"]

1. d4 d5 2. Nf3 Nf6 3. c4 c6 4. a4 Bf5 5. Qb3 Qc8 6. Nc3 e6 7. cxd5 exd5 8. Bf4 Be7
9. Rc1 a6 10. Nxd5 Nxd5 11. Qxd5 cxd5 12. Rxc8+ Bxc8 13. e3 Nc6 14. Bd3 Be6 15. O-O
O-O 16. h4 h6 17. Nh2 Bxh4 0-1

[Event "2024 British Rapidplay Championship"]
[Site "Holiday Inn Peterborough - West"]
[Date "2024.03.03"]
[Round "7.78"]
[White "Kennedy, Craig"]
[Black "Keshari, Rohit"]
[Result "1-0"]
[WhiteFideId "408905"]
[BlackFideId "497088"]
[WhiteElo "1839"]
[BlackElo "1590"]
[EventDate "2024.03.02"]

1. e4 e6 2. d4 d5 3. e5 c5 4. c3 Nc6 5. Nf3 Bd7 6. Bd3 Qb6 7. O-O cxd4 8. Re1 Bc5
9. b4 Be7 10. b5 Na5 11. Nxd4 Bc5 12. Be3 Nc4 13. Bxc4 dxc4 14. a4 Ne7 15. Nd2 Bxd4
16. Bxd4 Qc7 17. Ne4 Nf5 18. g4 Nxd4 19. Nd6+ Ke7 20. Qxd4 Rhd8 21. Qe4 Bc8 22. Qxh7
Rxd6 23. exd6+ Qxd6 24. Rad1 Qf4 25. Qxg7 b6 26. Rd4 Qf3 27. Qg5+ Qf6 28. Qxf6+ Kxf6
29. Rxc4 Bb7 30. f4 Bd5 31. Rc7 a6 32. Kf2 axb5 33. axb5 Ra2+ 34. Re2 Ra5 35. g5+
Kg7 36. c4 Ra4 37. Ke1 1-0

[Event "2024 British Rapidplay Championship"]
[Site "Holiday Inn Peterborough - West"]
[Date "2024.03.03"]
[Round "7.79"]
[White "Chedd, Neil"]
[Black "Caraway, Samuel"]
[Result "0-1"]
[WhiteFideId "343422853"]
[BlackFideId "444766"]
[WhiteElo "1603"]
[BlackElo "1834"]
[EventDate "2024.03.02"]

1. d4 d5 2. e3 c6 3. Bd3 e6 4. Nf3 Bd6 5. O-O f5 6. Ne5 Nf6 7. f4 O-O 8. Nd2 a5 9.
a4 Bd7 10. c4 Be8 11. c5 Bc7 12. Ndf3 Ne4 13. Bxe4 fxe4 14. Ng5 Qf6 15. Qg4 Bxe5
16. dxe5 Qf5 17. Qxf5 exf5 18. Ne6 Rf7 19. Bd2 Re7 20. Nd4 Bd7 21. Rfb1 Bc8 22. b4
axb4 23. Bxb4 Na6 24. a5 Nb8 25. Rb2 g6 26. h3 h5 27. Be1 Rh7 28. Bh4 Nd7 29. Rc2
Nf8 30. Rca2 Ra6 31. Rb1 Ne6 32. Rb6 Nxc5 33. Rxa6 Nxa6 34. e6 Kf8 35. Kf2 Ke8 36.
Bf6 Nb4 37. Ra4 Nd3+ 38. Kg3 Nc5 39. Ra1 Nxe6 40. a6 bxa6 41. Nxc6 Rc7 42. Nb4 Rf7
43. Nxd5 Bb7 44. Be5 Bxd5 45. Rxa6 Rd7 46. Rb6 Kf7 47. Rb8 Rd8 48. Rb6 Nf8 49. Rf6+
Ke7 50. Rb6 Nd7 51. Rxg6 Nxe5 52. fxe5 Rg8 53. Rxg8 Bxg8 54. Kf4 Ke6 55. g4 hxg4
56. hxg4 fxg4 57. Kxg4 Kxe5 58. Kg3 Bc4 59. Kf2 Kf5 60. Kg3 Bd3 61. Kh4 Be2 62. Kg3
Ke5 63. Kf2 Bf3 64. Ke1 Kd5 65. Kd2 Kc4 66. Kc2 Bg4 67. Kd2 Kb3 68. Ke1 Kc3 69. Kf2
Kd2 70. Kg3 Kxe3 0-1

[Event "2024 British Rapidplay Championship"]
[Site "Holiday Inn Peterborough - West"]
[Date "2024.03.03"]
[Round "7.80"]
[White "Darbost, Fabien"]
[Black "Graham, Neil"]
[Result "1/2-1/2"]
[WhiteFideId "343407200"]
[BlackFideId "408999"]
[WhiteElo "1615"]
[BlackElo "1824"]
[EventDate "2024.03.02"]

1. d4 d5 2. c4 Bf5 3. Nc3 e6 4. e3 Nc6 5. Nf3 Nb4 6. Qa4+ c6 7. g4 Bg6 8. Ne5 Nc2+
9. Ke2 Nxa1 10. Nxc6 Qd7 11. Ne5 Qxa4 12. Nxa4 Nc2 13. Nxg6 hxg6 14. a3 Na1 15. cxd5
Nb3 16. dxe6 Nxc1+ 17. Kd1 Nb3 18. exf7+ Kxf7 19. Bc4+ Kf6 20. Bxb3 Bd6 21. h3 Ne7
22. Nc3 Nc8 1/2-1/2

[Event "2024 British Rapidplay Championship"]
[Site "Holiday Inn Peterborough - West"]
[Date "2024.03.03"]
[Round "7.81"]
[White "Wastney, Dylan"]
[Black "Bellano, Harry"]
[Result "1-0"]
[WhiteFideId "343112498"]
[BlackFideId "343430015"]
[WhiteElo "1800"]
[BlackElo "1632"]
[EventDate "2024.03.02"]

1. e4 e5 2. Nf3 Nc6 3. Bb5 a6 4. Ba4 Nf6 5. d3 b5 6. Bb3 Be7 7. O-O O-O 8. Re1 d5
9. exd5 Nxd5 10. Nbd2 Bg4 11. h3 Bh5 12. Nf1 f5 13. Ng3 Bg6 14. Nxe5 Nxe5 15. Rxe5
c6 16. Qe2 Bd6 17. Bxd5+ cxd5 18. Rxd5 Re8 19. Qf1 Bf7 20. Rd4 Qf6 21. c3 Bc5 22.
Rf4 Be6 23. Ne4 Qe7 24. Nxc5 Qxc5 25. Bd2 Rad8 26. d4 Qd5 27. a4 g5 28. Rf3 g4 29.
hxg4 fxg4 30. Rf4 Qb3 31. axb5 axb5 32. Qd3 Bc4 33. Rxg4+ Kh8 34. Qf5 Rf8 35. Qe5+
Rf6 36. Qxf6# 1-0

[Event "2024 British Rapidplay Championship"]
[Site "Holiday Inn Peterborough - West"]
[Date "2024.03.03"]
[Round "7.82"]
[White "Graff, Ben"]
[Black "Mohammed Sharifdeen, Mohamed Nasrudeen Meeran"]
[Result "1-0"]
[WhiteFideId "424170"]
[BlackFideId "343423736"]
[WhiteElo "1782"]
[BlackElo "1551"]
[EventDate "2024.03.02"]

1. e4 e5 2. Nf3 Nc6 3. Bb5 d6 4. d4 exd4 5. Nxd4 Bd7 6. Nxc6 Bxc6 7. Bxc6+ bxc6 8.
O-O Nf6 9. Re1 Be7 10. Nc3 O-O 11. Qf3 Nd7 12. Bf4 Bg5 13. Rad1 Bxf4 14. Qxf4 Ne5
15. b3 Qe7 16. Re3 Qe6 17. Rg3 h6 18. Ne2 c5 19. h3 f5 20. Qe3 fxe4 21. Nf4 Qf6 22.
Nh5 Qe6 23. Nxg7 Qf7 24. Nf5+ Kh8 25. Qxh6+ Qh7 26. Qxh7+ Kxh7 27. Ne3 Rg8 28. Rxg8
Rxg8 29. Nd5 Rg7 30. Kf1 Nc6 31. c3 Ne5 32. Nf6+ Kh8 33. Nxe4 Ng6 34. Rd3 Nf4 35.
Rg3 Re7 36. Nf6 Rg7 37. Rxg7 Kxg7 38. Ne8+ 1-0

[Event "2024 British Rapidplay Championship"]
[Site "Holiday Inn Peterborough - West"]
[Date "2024.03.03"]
[Round "7.83"]
[White "Letton, Rob"]
[Black "Patel, Diah"]
[Result "0-1"]
[WhiteFideId "464384"]
[BlackFideId "496677"]
[WhiteElo "1722"]
[BlackElo "1545"]
[EventDate "2024.03.02"]

1. e4 e5 2. Bc4 Nc6 3. d3 Nf6 4. Nc3 g6 5. f4 Bg7 6. Nf3 d6 7. O-O O-O 8. fxe5 dxe5
9. Bg5 h6 10. Bh4 g5 11. Bf2 Ng4 12. Bc5 Ne7 13. Qe2 b6 14. Bxe7 Qxe7 15. Nd5 Qc5+
16. Kh1 c6 17. b4 Qd6 18. h3 cxd5 19. Bxd5 Rb8 20. hxg4 Bxg4 21. Qd2 Be6 22. c4 Bxd5
23. cxd5 Qg6 24. Kg1 f5 25. Qe2 Qd6 26. a3 Rbc8 27. Rac1 f4 28. Nd2 Qg6 29. Rc4 b5
30. Rc5 a6 31. Rfc1 Qb6 32. Nb3 Bf6 33. Qf2 Qb7 34. Rxc8 Rxc8 35. Nc5 Qb6 36. Qf3
Be7 37. Kh2 Bxc5 38. bxc5 Rxc5 39. Qf2 Rc6 40. Qxb6 Rxb6 41. Rc6 Rb7 42. Rxa6 Kh7
43. Re6 0-1

[Event "2024 British Rapidplay Championship"]
[Site "Holiday Inn Peterborough - West"]
[Date "2024.03.03"]
[Round "7.84"]
[White "Zajaczkowski, Marek"]
[Black "Sudagar, Vidhyuth Kavin"]
[Result "0-1"]
[WhiteFideId "343410685"]
[BlackFideId "343430244"]
[WhiteElo "1672"]
[BlackElo "1542"]
[EventDate "2024.03.02"]

1. e4 c6 2. d4 d5 3. Nc3 dxe4 4. f3 exf3 5. Nxf3 Nf6 6. Bd3 Bg4 7. O-O Bxf3 8. Qxf3
Qxd4+ 9. Be3 Qg4 10. Rad1 Qxf3 11. Rxf3 Nbd7 12. h3 h6 13. Rdf1 e6 14. g4 Bc5 15.
Kg2 Bxe3 16. Rxe3 O-O-O 17. Kg3 Rhf8 18. a4 Nc5 19. Be2 Rd4 20. b3 Nce4+ 21. Nxe4
Rxe4 22. Kf3 Rxe3+ 23. Kxe3 Nd5+ 24. Kf3 f5 25. Re1 fxg4+ 26. Kxg4 Rf4+ 27. Kg3 Re4
28. Kf2 Nf4 29. Bg4 Rxe1 30. Kxe1 Kd7 31. Kf2 Kd6 32. Ke3 Ng2+ 33. Kd4 Ne1 34. c3
c5+ 35. Ke3 Ng2+ 36. Kf3 Nh4+ 37. Ke3 Nf5+ 38. Ke4 g6 39. Bd1 b6 40. Bg4 Ng3+ 41.
Ke3 h5 42. Bf3 e5 43. Bg2 Nf5+ 44. Ke4 Ne7 45. Bf3 Nc6 46. Bd1 Ne7 47. Be2 Nf5 48.
Bd1 Ng3+ 49. Kf3 Nf5 50. Ke4 Ke6 51. Bf3 Ng3+ 52. Ke3 Kf5 53. Bg2 h4 54. Bc6 g5 55.
Bd7+ Kf6 56. Bg4 Nf1+ 57. Kd3 Ng3 58. Bf3 e4+ 59. Bxe4 Nxe4 60. Kxe4 Ke6 61. c4 a6
62. Kf3 Kf5 63. a5 bxa5 64. Ke3 g4 65. Kf2 gxh3 66. Kg1 Ke4 67. Kh2 Ke5 0-1

[Event "2024 British Rapidplay Championship"]
[Site "Holiday Inn Peterborough - West"]
[Date "2024.03.03"]
[Round "7.85"]
[White "Mouskos, Mia"]
[Black "Barton, Ben"]
[Result "0-1"]
[WhiteFideId "488380"]
[BlackFideId "343416993"]
[WhiteElo "1539"]
[BlackElo "1671"]
[EventDate "2024.03.02"]

1. e4 c5 2. Nf3 Nc6 3. c3 e6 4. d4 d5 5. exd5 exd5 6. Bb5 Nf6 7. O-O cxd4 8. Nxd4
Bd7 9. Nxc6 bxc6 10. Bd3 Bd6 11. Re1+ Be6 12. Bf5 O-O 13. Bxe6 fxe6 14. Rxe6 Ne4
15. f3 Bc5+ 16. Kf1 Qd7 17. Rxe4 Qc7 18. Rh4 Rae8 19. Qd3 g6 20. Bh6 Qb6 21. Bxf8
Qxb2 22. Bxc5 Qc1+ 23. Kf2 Qe1# 0-1

[Event "2024 British Rapidplay Championship"]
[Site "Holiday Inn Peterborough - West"]
[Date "2024.03.03"]
[Round "7.86"]
[White "Mehta, Sophie"]
[Black "Borgars, Alan"]
[Result "1-0"]
[WhiteFideId "487996"]
[BlackFideId "343433880"]
[WhiteElo "1635"]
[BlackElo "1522"]
[EventDate "2024.03.02"]

1. d4 Nf6 2. Bf4 d5 3. e3 Nc6 4. Nf3 Bf5 5. c3 e6 6. Nbd2 Bd6 7. Ne5 O-O 8. Bb5 Ne7
9. O-O Ng6 10. Nxg6 Bxg6 11. Bxd6 Qxd6 12. Nf3 c6 13. Bd3 Bh5 14. Be2 h6 15. Ne5
Bxe2 16. Qxe2 Rac8 17. c4 c5 18. Nf3 cxd4 19. cxd5 dxe3 20. dxe6 exf2+ 21. Qxf2 fxe6
22. Qxa7 Qc5+ 23. Qxc5 Rxc5 24. Nd4 Re8 25. Rfe1 e5 26. Nf5 Rc2 27. Nd6 Re7 28. Nf5
Re6 29. Nd4 exd4 30. Rxe6 d3 31. Rd6 d2 32. Rd1 Ne4 33. Rd8+ Kh7 34. h3 Rxb2 35.
Rd4 Nc3 36. R1xd2 Rxa2 37. Rxa2 Nxa2 38. Ra4 Nc3 39. Rb4 b5 40. Rb3 Ne2+ 41. Kf2
Nd4 42. Rb4 Ne6 43. Rxb5 Kg6 44. Rb6 Kf5 45. g4+ Ke5 46. Rb5+ Kf4 47. Rb4+ Kg5 48.
Kg3 Nf8 49. h4+ Kf6 50. Rb6+ Kf7 51. Kf4 Ng6+ 52. Kg3 Ne5 53. h5 g5 54. Rxh6 Kg7
55. Ra6 Kh7 56. Re6 Nf7 57. Kf3 Kg7 58. Ke4 Kh7 59. Kf5 Kg7 60. Re7 Kf8 61. Rxf7+
Kxf7 62. Kxg5 Kg7 63. Kf5 Kh6 64. Kf6 Kh7 65. g5 Kh8 66. g6 Kg8 67. h6 1-0